01556cam a2200361 a 450000100090000000300040000900500170001300800410003001000170007102000310008802000280011902000180014702000150016503500210018003500240020104000610022504300120028605000210029808200170031910000230033624500980035926000820045730000500053950001680058950400640075765000460082165000520086765000640091965100550098371000350103871000380107385600830111115311313OSt20170124084739.0080530s2008 dcuab bc 001 0 eng  a 2008024399 a9780894683534 (alk. paper) a0894683535 (alk. paper) a9780500514368 a0500514364 a(OCoLC)227016581 a(OCoLC)ocn227016581 aDLCcDLCdBTCTAdBAKERdYDXCPdBWKUKdBWKdBWXdCDXdDLC ae-it---00aN5755b.M38 200800a709.37/72221 aMattusch, Carol C.10aPompeii and the Roman villa :bart and culture around the Bay of Naples /cCarol C. Mattusch. aWashington :bNational Gallery of Art ;aLondon :bThames and Hudson,c2008. axvi, 365 p. :bcol. ill., maps ;c25 x 31 cm. aCatalog of an exhibition at the National Gallery of Art, Washington, Oct. 19, 2008-Mar. 22, 2009; and at the Los Angeles County Museum of Art , May 3-Oct. 4, 2009. aIncludes bibliographical references (p. 337-351) and index. 0aArt, RomanzItalyzCampaniavExhibitions. 0aArt, RomanzItalyzNaples, Bay ofvExhibitions. 0aArchitecture, DomesticzItalyzNaples, Bay ofvExhibitions. 0aNaples, Bay of (Italy)xCivilizationvExhibitions.2 aNational Gallery of Art (U.S.)2 aLos Angeles County Museum of Art.413Table of contents onlyuhttp://www.loc.gov/catdir/toc/ecip0820/2008024399.html